[Event "Speed Chess (Women) Q5"]
[Site "Chess.com INT"]
[Date "2020.06.22"]
[Round "2"]
[White "Sapale, Saloni"]
[Black "Berdychevskaya, Natasha"]
[Result "1-0"]
[WhiteElo "2147"]
[BlackElo "2208"]
[PlyCount "57"]
[EventDate "2020.06.22"]
[EventType "swiss (blitz)"]
[EventRounds "13"]
[EventCountry "USA"]
[SourceTitle "CBM 196 Extra"]
[Source "ChessBase"]
[SourceDate "2020.07.31"]
[SourceVersion "1"]
[SourceVersionDate "2020.07.31"]
[SourceQuality "1"]

1. e4 e5 2. Nf3 Nf6 3. Nxe5 Nxe4 4. Nf3 d5 5. d3 Nf6 6. d4 Bd6 7. Bd3 0-0 8. 0-0 Bg4 9. h3 Bh5 10. Bg5 Nbd7 11. Nbd2 c6 12. c3 Qc7 13. Qc2 Rfe8 14. Rae1 Bf4 15. Bxf4 Qxf4 16. Ne5 Nxe5 17. dxe5 Rxe5 18. g3 Qg5 19. h4 Rxe1 20. hxg5 Rxf1+ 21. Nxf1 Ng4 22. Bxh7+ Kh8 23. Bd3 Re8 24. Be2 Bg6 25. Qd2 Ne5 26. f4 Nd7 27. Bd3 Bh5 28. Qh2 g6 29. g4 1-0

[Event "Speed Chess (Women) Q5"]
[Site "Chess.com INT"]
[Date "2020.06.22"]
[Round "6"]
[White "Turova, Irina"]
[Black "Sapale, Saloni"]
[Result "1-0"]
[WhiteElo "2381"]
[BlackElo "2147"]
[PlyCount "87"]
[EventDate "2020.06.22"]
[EventType "swiss (blitz)"]
[EventRounds "13"]
[EventCountry "USA"]
[SourceTitle "CBM 196 Extra"]
[Source "ChessBase"]
[SourceDate "2020.07.31"]
[SourceVersion "1"]
[SourceVersionDate "2020.07.31"]
[SourceQuality "1"]

1. d4 Nf6 2. c4 g6 3. Nc3 d5 4. Bg5 Ne4 5. Bf4 Nxc3 6. bxc3 dxc4 7. e3 Be6 8. Rb1 Qd5 9. Nf3 Nd7 10. Bxc7 Rc8 11. Bf4 Bg7 12. Be2 Bf5 13. Rb4 a5 14. Rb2 b5 15. 0-0 0-0 16. a3 Nb6 17. Qd2 Na4 18. Ra2 Ra8 19. Ne5 f6 20. Bf3 Be4 21. Bxe4 Qxe4 22. f3 Qb7 23. Ng4 h5 24. Nf2 e5 25. dxe5 fxe5 26. Bg3 Rfd8 27. Qc2 Nc5 28. Qxg6 Qf7 29. Qc6 Nd3 30. Qxb5 Rdb8 31. Qc6 Rc8 32. Qe4 Rab8 33. Rd2 Nxf2 34. Bxf2 Rb3 35. Rfd1 Rxa3 36. Rd8+ Rxd8 37. Rxd8+ Bf8 38. h4 Qe7 39. Qd5+ Kg7 40. Rd7 Ra1+ 41. Kh2 Kf6 42. Rxe7 Bxe7 43. Qc6+ Kg7 44. Qxc4 1-0

[Event "Speed Chess (Women) Q5"]
[Site "Chess.com INT"]
[Date "2020.06.22"]
[Round "10"]
[White "Yakimova, Mariya"]
[Black "Sapale, Saloni"]
[Result "1-0"]
[WhiteElo "2269"]
[BlackElo "2147"]
[PlyCount "47"]
[EventDate "2020.06.22"]
[EventType "swiss (blitz)"]
[EventRounds "13"]
[EventCountry "USA"]
[SourceTitle "CBM 196 Extra"]
[Source "ChessBase"]
[SourceDate "2020.07.31"]
[SourceVersion "1"]
[SourceVersionDate "2020.07.31"]
[SourceQuality "1"]

1. d4 Nf6 2. c4 g6 3. Nf3 d5 4. g3 Bg7 5. cxd5 Nxd5 6. Bg2 0-0 7. 0-0 c5 8. e4 Nb6 9. d5 f5 10. exf5 Bxf5 11. Nc3 Na6 12. Ng5 Nc7 13. Re1 h6 14. Ne6 Nxe6 15. dxe6 Qxd1 16. Nxd1 Rad8 17. Be3 Na4 18. Rc1 b6 19. b3 Nb2 20. Nxb2 Bxb2 21. Rcd1 Bc3 22. Rxd8 Rxd8 23. Rc1 Bd2 24. Rd1 1-0

[Event "Titled Tuesday intern op 16th June"]
[Site "Chess.com INT"]
[Date "2020.06.16"]
[Round "6"]
[White "Boyer, Mahel"]
[Black "Sapale, Saloni"]
[Result "1-0"]
[WhiteElo "2294"]
[BlackElo "2147"]
[PlyCount "49"]
[EventDate "2020.06.16"]
[EventType "swiss (blitz)"]
[EventRounds "10"]
[EventCountry "USA"]
[SourceTitle "EXT 2021"]
[Source "ChessBase"]
[SourceDate "2020.10.23"]
[SourceVersion "1"]
[SourceVersionDate "2020.10.23"]
[SourceQuality "1"]

1. d4 Nf6 2. c4 g6 3. Nc3 d5 4. Nf3 Bg7 5. e3 0-0 6. cxd5 Nxd5 7. Bc4 Nb6 8. Bb3 c5 9. 0-0 cxd4 10. exd4 Nc6 11. d5 Na5 12. h3 Bf5 13. Re1 Nac4 14. Qe2 Rc8 15. Qxe7 Bxc3 16. bxc3 Qxe7 17. Rxe7 Nxd5 18. Rxb7 a5 19. Bh6 Rfe8 20. Ng5 Re7 21. Rxe7 Nxe7 22. Rd1 f6 23. Bxc4+ Kh8 24. Rd8+ Ng8 25. Nf7# 1-0

[Event "Titled Tuesday intern op 16th June"]
[Site "Chess.com INT"]
[Date "2020.06.16"]
[Round "2"]
[White "Sapale, Saloni"]
[Black "Anton, Teodor"]
[Result "0-1"]
[WhiteElo "2147"]
[BlackElo "2464"]
[PlyCount "86"]
[EventDate "2020.06.16"]
[EventType "swiss (blitz)"]
[EventRounds "10"]
[EventCountry "USA"]
[SourceTitle "EXT 2021"]
[Source "ChessBase"]
[SourceDate "2020.10.23"]
[SourceVersion "1"]
[SourceVersionDate "2020.10.23"]
[SourceQuality "1"]

1. e4 e5 2. Nf3 Nc6 3. Bb5 a6 4. Ba4 Nf6 5. 0-0 b5 6. Bb3 Bc5 7. c3 d6 8. d4 Bb6 9. a4 Rb8 10. axb5 axb5 11. Na3 Bg4 12. Nc2 0-0 13. Bg5 h6 14. Bh4 g5 15. Bg3 exd4 16. cxd4 Bxf3 17. Qxf3 Nxd4 18. Nxd4 Bxd4 19. Rad1 c5 20. e5 dxe5 21. Bxe5 Rb6 22. Bxd4 cxd4 23. Rd3 Rd6 24. Rfd1 Nd7 25. Rxd4 Rxd4 26. Rxd4 Qe7 27. Qd1 Nc5 28. Bc2 Re8 29. h3 Qe1+ 30. Qxe1 Rxe1+ 31. Kh2 Re2 32. b4 Ne6 33. Rd5 Rxc2 34. Rxb5 Rxf2 35. Rb8+ Kg7 36. Kg3 Rb2 37. b5 Nf4 38. Kg4 Rxg2+ 39. Kf5 Nxh3 40. b6 Rb2 41. b7 Nf4 42. Kg4 Ne6 43. Kf5 Nc5 0-1

[Event "Titled Tuesday intern op 16th June"]
[Site "Chess.com INT"]
[Date "2020.06.16"]
[Round "4"]
[White "Sapale, Saloni"]
[Black "Atanejhad, Sahebali"]
[Result "1-0"]
[WhiteElo "2147"]
[BlackElo "2123"]
[PlyCount "55"]
[EventDate "2020.06.16"]
[EventType "swiss (blitz)"]
[EventRounds "10"]
[EventCountry "USA"]
[SourceTitle "EXT 2021"]
[Source "ChessBase"]
[SourceDate "2020.10.23"]
[SourceVersion "1"]
[SourceVersionDate "2020.10.23"]
[SourceQuality "1"]

1. e4 c5 2. Nf3 g6 3. d4 cxd4 4. Nxd4 Nc6 5. Nc3 Bg7 6. Be3 Nf6 7. Bc4 0-0 8. Bb3 Re8 9. 0-0 d6 10. f3 Bd7 11. Kh1 e5 12. Ndb5 Nd4 13. Nxd4 exd4 14. Bxd4 Be6 15. Nd5 Nxd5 16. Bxg7 Kxg7 17. exd5 Bf5 18. c4 Qf6 19. Bc2 Re3 20. Bxf5 gxf5 21. Qd2 Rae8 22. Rae1 Rxe1 23. Rxe1 Rxe1+ 24. Qxe1 Qxb2 25. Qg3+ Kh8 26. h3 Qe5 27. Qxe5+ dxe5 28. d6 1-0

[Event "Titled Tuesday intern op 16th June"]
[Site "Chess.com INT"]
[Date "2020.06.16"]
[Round "10"]
[White "Sapale, Saloni"]
[Black "Grochal, Joey"]
[Result "0-1"]
[WhiteElo "2147"]
[BlackElo "2335"]
[PlyCount "28"]
[EventDate "2020.06.16"]
[EventType "swiss (blitz)"]
[EventRounds "10"]
[EventCountry "USA"]
[SourceTitle "EXT 2021"]
[Source "ChessBase"]
[SourceDate "2020.10.23"]
[SourceVersion "1"]
[SourceVersionDate "2020.10.23"]
[SourceQuality "1"]

1. e4 c5 2. Nf3 e6 3. d4 cxd4 4. Nxd4 Nc6 5. Nc3 Qc7 6. Nxc6 bxc6 7. f4 d5 8. Bd3 Nf6 9. Qe2 Bc5 10. Be3 d4 11. Bf2 dxc3 12. Bxc5 cxb2 13. Rb1 Qa5+ 14. Qd2 Qxc5 0-1

[Event "Titled Tuesday intern op 26th May"]
[Site "Chess.com INT"]
[Date "2020.05.26"]
[Round "4"]
[White "Sapale, Saloni"]
[Black "Cerveny, Martin"]
[Result "0-1"]
[WhiteElo "2147"]
[BlackElo "2386"]
[PlyCount "70"]
[EventDate "2020.05.26"]
[EventType "swiss (blitz)"]
[EventRounds "10"]
[EventCountry "USA"]
[SourceTitle "CBM 196 Extra"]
[Source "ChessBase"]
[SourceDate "2020.07.31"]
[SourceVersion "1"]
[SourceVersionDate "2020.07.31"]
[SourceQuality "1"]

1. e4 c5 2. Nf3 d6 3. d4 cxd4 4. Nxd4 Nf6 5. Nc3 a6 6. Be3 e5 7. Nb3 Be6 8. f3 Nbd7 9. Qd2 b5 10. g4 Nb6 11. Na5 Qc7 12. Qf2 Na4 13. Nxa4 Qxa5+ 14. Nc3 Qc7 15. Bd3 Be7 16. g5 Nh5 17. Nd5 Bxd5 18. exd5 0-0 19. 0-0-0 g6 20. h4 b4 21. Be4 a5 22. Kb1 a4 23. f4 f5 24. gxf6 Bxf6 25. f5 Bg7 26. Rdf1 a3 27. Qg2 axb2 28. fxg6 h6 29. Qg4 Rfc8 30. Rf7 Qc4 31. Kxb2 Rxa2+ 32. Kb1 Rca8 33. Kc1 Qc3 34. Kd1 Qxe3 35. Rxg7+ Nxg7 0-1

[Event "Titled Tuesday intern op 12th May"]
[Site "Chess.com INT"]
[Date "2020.05.12"]
[Round "1"]
[White "Heberla, Bartlomiej"]
[Black "Sapale, Saloni"]
[Result "1-0"]
[WhiteElo "2572"]
[BlackElo "2147"]
[PlyCount "79"]
[EventDate "2020.05.12"]
[EventType "swiss (blitz)"]
[EventRounds "10"]
[EventCountry "USA"]
[SourceTitle "EXT 2021"]
[Source "ChessBase"]
[SourceDate "2020.10.23"]
[SourceVersion "1"]
[SourceVersionDate "2020.10.23"]
[SourceQuality "1"]

1. e4 e6 2. d4 d5 3. e5 c5 4. c3 Nc6 5. Nf3 Qb6 6. Na3 cxd4 7. cxd4 Bb4+ 8. Bd2 Bxa3 9. bxa3 Nxd4 10. Qa4+ Nc6 11. Bd3 Bd7 12. Qg4 Nge7 13. 0-0 Ng6 14. Qg3 0-0 15. h4 Qc7 16. Rfe1 f6 17. exf6 Qxg3 18. f7+ Rxf7 19. fxg3 Re8 20. Ng5 Rf6 21. Nxh7 Kxh7 22. h5 Kg8 23. Bxg6 Ref8 24. g4 e5 25. g5 Rf2 26. Be3 Rb2 27. Bc5 Rf4 28. Rf1 b6 29. Bd6 Nd4 30. Rxf4 exf4 31. Be5 Ne2+ 32. Kh2 Rc2 33. Bxc2 f3 34. gxf3 Kf7 35. f4 d4 36. Re1 d3 37. Bxd3 Nxf4 38. Bxf4 Bg4 39. Bg6+ Kf8 40. Re8# 1-0

[Event "Titled Tuesday intern op 21st April"]
[Site "Chess.com INT"]
[Date "2020.04.21"]
[Round "3"]
[White "Huda, Maryana"]
[Black "Sapale, Saloni"]
[Result "1/2-1/2"]
[WhiteElo "2128"]
[BlackElo "2147"]
[PlyCount "63"]
[EventDate "2020.04.21"]
[EventType "swiss (blitz)"]
[EventRounds "10"]
[EventCountry "USA"]
[SourceTitle "EXT 2021"]
[Source "ChessBase"]
[SourceDate "2020.10.23"]
[SourceVersion "1"]
[SourceVersionDate "2020.10.23"]
[SourceQuality "1"]

1. e4 e6 2. d3 d5 3. Nd2 c5 4. g3 Nc6 5. Bg2 g6 6. Ngf3 Bg7 7. 0-0 Nge7 8. Re1 b6 9. Nf1 0-0 10. h4 h6 11. e5 Qc7 12. Bf4 Nd4 13. N1h2 Ba6 14. Qd2 Nec6 15. Nxd4 cxd4 16. Bxh6 Nxe5 17. Bf4 f6 18. Ng4 Rac8 19. Rac1 Bb7 20. Re2 Rf7 21. Rce1 Rcf8 22. Nxe5 fxe5 23. Bxe5 Bxe5 24. Rxe5 Rxf2 25. Qg5 Qf7 26. Rxe6 Rxg2+ 27. Kxg2 Qf2+ 28. Kh1 Qf3+ 29. Kh2 Qf2+ 30. Kh1 Qf3+ 31. Kh2 Qf2+ 32. Kh1 1/2-1/2

[Event "Titled Tuesday intern op 21st April"]
[Site "Chess.com INT"]
[Date "2020.04.21"]
[Round "5"]
[White "Sapale, Saloni"]
[Black "Wiewiora, Eneasz"]
[Result "0-1"]
[WhiteElo "2147"]
[BlackElo "2346"]
[PlyCount "70"]
[EventDate "2020.04.21"]
[EventType "swiss (blitz)"]
[EventRounds "10"]
[EventCountry "USA"]
[SourceTitle "EXT 2021"]
[Source "ChessBase"]
[SourceDate "2020.10.23"]
[SourceVersion "1"]
[SourceVersionDate "2020.10.23"]
[SourceQuality "1"]

1. e4 e5 2. Nf3 Nc6 3. Bb5 f5 4. Nc3 fxe4 5. Nxe4 d5 6. Nxe5 dxe4 7. Nxc6 Qg5 8. Qe2 Nf6 9. d4 Qxg2 10. Rf1 a6 11. Ba4 Bd7 12. Qc4 bxc6 13. Bxc6 Rd8 14. Be3 Qg4 15. Qxa6 Bb4+ 16. c3 Bd6 17. Qc4 Bxc6 18. Qxc6+ Qd7 19. Qc4 Qf7 20. Qc6+ Qd7 21. Qc4 Rb8 22. b4 Qa4 23. Kd2 Qd7 24. a4 c6 25. a5 Nd5 26. Rfb1 0-0 27. b5 Kh8 28. bxc6 Qf5 29. Rxb8 Bxb8 30. Qc5 Bf4 31. c7 Bxe3+ 32. Kc2 Qxf2+ 33. Kb3 Nxc7 34. Qxc7 Bxd4 35. Ra2 Qf1 0-1

[Event "Titled Tuesday intern op 14th April"]
[Site "Chess.com INT"]
[Date "2020.04.14"]
[Round "6"]
[White "Sapale, Saloni"]
[Black "Draskovic, Luka"]
[Result "0-1"]
[WhiteElo "2147"]
[BlackElo "2472"]
[PlyCount "104"]
[EventDate "2020.04.14"]
[EventType "swiss (blitz)"]
[EventRounds "10"]
[EventCountry "USA"]
[SourceTitle "EXT 2021"]
[Source "ChessBase"]
[SourceDate "2020.10.23"]
[SourceVersion "1"]
[SourceVersionDate "2020.10.23"]
[SourceQuality "1"]

1. e4 c6 2. d4 d5 3. e5 Bf5 4. h4 h5 5. Bd3 Bxd3 6. Qxd3 e6 7. Bg5 Qb6 8. Nd2 Ne7 9. Ne2 Qa6 10. c4 Nd7 11. b3 Nf5 12. 0-0 Bb4 13. Ng3 g6 14. a3 Be7 15. Bxe7 Kxe7 16. Nf3 Rac8 17. Rfc1 b6 18. b4 Qb7 19. Nxf5+ gxf5 20. Qe3 Rcg8 21. Ng5 Nf8 22. f4 Nh7 23. cxd5 cxd5 24. b5 Nxg5 25. hxg5 Rc8 26. Qb3 Rhd8 27. Qh3 Rxc1+ 28. Rxc1 Rc8 29. Rxc8 Qxc8 30. Qxh5 Qc1+ 31. Kh2 Qxf4+ 32. g3 Qf2+ 33. Kh3 Qxd4 34. Qh8 Qg4+ 35. Kg2 f4 36. Qf6+ Ke8 37. Qxf4 Qxf4 38. gxf4 Kf8 39. Kf3 Kg7 40. Kg4 Kg6 41. Kg3 Kf5 42. Kf3 d4 43. a4 d3 44. Ke3 d2 45. Kxd2 Kxf4 46. Kd3 Kxg5 47. Ke4 Kg4 48. a5 Kg5 49. axb6 axb6 50. Ke3 Kf5 51. Kd4 Kf4 52. Kd3 Kxe5 0-1

[Event "Titled Tuesday intern op 14th April"]
[Site "Chess.com INT"]
[Date "2020.04.14"]
[Round "8"]
[White "Sapale, Saloni"]
[Black "Sapis, Witalis"]
[Result "0-1"]
[WhiteElo "2147"]
[BlackElo "2382"]
[PlyCount "80"]
[EventDate "2020.04.14"]
[EventType "swiss (blitz)"]
[EventRounds "10"]
[EventCountry "USA"]
[SourceTitle "EXT 2021"]
[Source "ChessBase"]
[SourceDate "2020.10.23"]
[SourceVersion "1"]
[SourceVersionDate "2020.10.23"]
[SourceQuality "1"]

1. e4 c6 2. d4 d5 3. e5 Bf5 4. h4 c5 5. dxc5 Nc6 6. Nf3 e6 7. Be3 Bg4 8. Bb5 Qa5+ 9. Nc3 0-0-0 10. Bxc6 bxc6 11. Qd4 Bxf3 12. gxf3 Ne7 13. b4 Qc7 14. f4 Nf5 15. Qd3 f6 16. Bd4 Be7 17. a4 Rhf8 18. b5 Nxd4 19. Qxd4 fxe5 20. fxe5 Rf5 21. f4 cxb5 22. Nxb5 Bxc5 23. Qc3 Qb6 24. Nd6+ Rxd6 25. exd6 Qb4 26. Qxb4 Bxb4+ 27. Ke2 Rxf4 28. d7+ Kxd7 29. Rab1 a5 30. Rhg1 g6 31. h5 gxh5 32. Rg7+ Kd6 33. Rxh7 h4 34. Rh1 Rc4 35. Kd1 Rd4+ 36. Kc1 Bd2+ 37. Kb1 Rxa4 38. R1xh4 d4 39. Rh8 Bc3 40. Rd8+ Ke7 0-1

[Event "Titled Tuesday intern op 14th April"]
[Site "Chess.com INT"]
[Date "2020.04.14"]
[Round "1"]
[White "Sardana, Rishi"]
[Black "Sapale, Saloni"]
[Result "1-0"]
[WhiteElo "2461"]
[BlackElo "2147"]
[PlyCount "95"]
[EventDate "2020.04.14"]
[EventType "swiss (blitz)"]
[EventRounds "10"]
[EventCountry "USA"]
[SourceTitle "EXT 2021"]
[Source "ChessBase"]
[SourceDate "2020.10.23"]
[SourceVersion "1"]
[SourceVersionDate "2020.10.23"]
[SourceQuality "1"]

1. e4 e6 2. d4 d5 3. Nc3 Bb4 4. exd5 exd5 5. Bd3 c6 6. Nf3 Nf6 7. 0-0 0-0 8. a3 Bd6 9. Ne5 Nbd7 10. Bf4 Qc7 11. Re1 Re8 12. Nxd7 Bxd7 13. Bxd6 Qxd6 14. Qf3 Rxe1+ 15. Rxe1 Re8 16. Rxe8+ Bxe8 17. Qg3 Qxg3 18. hxg3 Kf8 19. f3 h5 20. Kf2 Ke7 21. Ne2 Kd6 22. c3 b6 23. Ke3 c5 24. Kf4 g6 25. Kg5 Ke7 26. dxc5 bxc5 27. b4 cxb4 28. axb4 Bc6 29. Nd4 Bd7 30. Bb5 Ne8 31. Kf4 f6 32. Ke3 Nd6 33. Bc6 Nc4+ 34. Ke2 Kd6 35. Bxd7 Kxd7 36. Kd3 a6 37. Nb3 Kc6 38. Kd4 Nd6 39. Na5+ Kb6 40. Kxd5 Nb5 41. c4 Nc3+ 42. Kd6 Na2 43. c5+ Ka7 44. c6 Kb8 45. c7+ Kc8 46. Nc6 Nxb4 47. Nxb4 a5 48. Nd5 1-0

[Event "Titled Tuesday intern op 7th April"]
[Site "Chess.com INT"]
[Date "2020.04.07"]
[Round "1"]
[White "Sapale, Saloni"]
[Black "Rensch, Daniel"]
[Result "1-0"]
[WhiteElo "2147"]
[BlackElo "2402"]
[PlyCount "142"]
[EventDate "2020.04.07"]
[EventType "swiss (blitz)"]
[EventRounds "10"]
[EventCountry "USA"]
[SourceTitle "EXT 2021"]
[Source "ChessBase"]
[SourceDate "2020.10.23"]
[SourceVersion "1"]
[SourceVersionDate "2020.10.23"]
[SourceQuality "1"]

1. e4 c5 2. Nf3 d6 3. d4 cxd4 4. Nxd4 Nf6 5. Nc3 a6 6. Be3 e5 7. Nb3 Be6 8. f3 Be7 9. Qd2 0-0 10. 0-0-0 Qc7 11. Kb1 Rc8 12. g4 b5 13. g5 Nfd7 14. Bd3 Nc5 15. f4 Nxd3 16. Qxd3 Bc4 17. Qd2 Nc6 18. f5 Bf8 19. g6 fxg6 20. fxg6 h6 21. Nd5 Qb7 22. Qf2 Bxd5 23. exd5 Nd8 24. Rdf1 Qe7 25. Rhg1 a5 26. Qf3 a4 27. Bg5 axb3 28. Bxe7 bxc2+ 29. Kc1 Bxe7 30. a3 b4 31. axb4 Ra1+ 32. Kd2 Rxf1 33. Rxf1 c1Q+ 34. Rxc1 Bg5+ 35. Kd3 Rxc1 36. Qg4 Kf8 37. Qd7 Be7 38. b5 Rd1+ 39. Kc2 Rxd5 40. b6 Rd4 41. Kc3 Rh4 42. b7 Nxb7 43. Qxb7 Ke8 44. Qc8+ Bd8 45. Qe6+ Be7 46. Qf7+ Kd8 47. Qxg7 Rxh2 48. Qh8+ Kc7 49. g7 Bf6 50. g8Q Bxh8 51. Qxh8 Rh4 52. Qg7+ Kb6 53. Qg1+ Rd4 54. Qh2 Kc6 55. Qxh6 Kd5 56. Qh1+ Kc5 57. Qg1 Kd5 58. Qg2+ Kc5 59. Qf2 Kd5 60. Qf7+ Kc5 61. Qc7+ Kd5 62. Qb7+ Ke6 63. b4 Rd5 64. b5 Rc5+ 65. Kd3 Rd5+ 66. Ke3 Rd4 67. b6 Rb4 68. Qc8+ Kd5 69. b7 Rb3+ 70. Kd2 Kd4 71. b8Q Rxb8 1-0

[Event "Titled Tuesday intern op 3rd March"]
[Site "Chess.com INT"]
[Date "2020.03.03"]
[Round "6"]
[White "Burdalev, Kirill"]
[Black "Sapale, Saloni"]
[Result "1/2-1/2"]
[WhiteElo "2394"]
[BlackElo "2147"]
[PlyCount "77"]
[EventDate "2020.03.03"]
[EventType "swiss (blitz)"]
[EventRounds "10"]
[EventCountry "USA"]
[SourceTitle "EXT 2021"]
[Source "ChessBase"]
[SourceDate "2020.10.23"]
[SourceVersion "1"]
[SourceVersionDate "2020.10.23"]
[SourceQuality "1"]

1. d4 Nf6 2. c4 g6 3. g3 c6 4. Bg2 d5 5. Qa4 Nfd7 6. cxd5 Nb6 7. Qd1 cxd5 8. Nc3 Bg7 9. e3 0-0 10. Nge2 Bf5 11. 0-0 Qd7 12. Nf4 e6 13. g4 g5 14. Nh5 Bg6 15. Nxg7 Kxg7 16. e4 Nc6 17. exd5 Nxd5 18. Nxd5 exd5 19. Bxg5 Rae8 20. Be3 Nb4 21. Qd2 Nc2 22. Bh6+ Kg8 23. Rac1 Rc8 24. Bxf8 Kxf8 25. Qh6+ Kg8 26. Qg5 Nxd4 27. Rcd1 Ne2+ 28. Kh1 d4 29. Bf3 d3 30. Rfe1 Qe6 31. Rd2 Rc2 32. Rxc2 Ng3+ 33. hxg3 Qxe1+ 34. Kg2 dxc2 35. Qd8+ Kg7 36. Qd4+ Kg8 37. Qd8+ Kg7 38. Qd4+ Kg8 39. Qd8+ 1/2-1/2

[Event "Titled Tuesday intern op 3rd March"]
[Site "Chess.com INT"]
[Date "2020.03.03"]
[Round "4"]
[White "Sapale, Saloni"]
[Black "Melaugh, Shanemelaugh"]
[Result "1-0"]
[WhiteElo "2147"]
[BlackElo "2177"]
[PlyCount "85"]
[EventDate "2020.03.03"]
[EventType "swiss (blitz)"]
[EventRounds "10"]
[EventCountry "USA"]
[SourceTitle "EXT 2021"]
[Source "ChessBase"]
[SourceDate "2020.10.23"]
[SourceVersion "1"]
[SourceVersionDate "2020.10.23"]
[SourceQuality "1"]

1. e4 d6 2. d4 Nf6 3. Nc3 Nbd7 4. f4 e5 5. Nf3 exd4 6. Nxd4 c6 7. Be2 d5 8. e5 Ne4 9. Nxe4 dxe4 10. 0-0 Bc5 11. Kh1 0-0 12. c3 Nb6 13. Nb3 Qe7 14. Qc2 Bf5 15. Nxc5 Qxc5 16. b4 Qe7 17. c4 Qxb4 18. Be3 Qa4 19. Qc3 Be6 20. Rfc1 Rad8 21. Bc5 Rfe8 22. Bd6 Nc8 23. c5 Nxd6 24. cxd6 Bd5 25. Rcb1 b5 26. Rb4 Qa5 27. a4 Qb6 28. axb5 cxb5 29. Rxb5 Qf2 30. Rxd5 Qxe2 31. Re1 Qf2 32. Qe3 Qxe3 33. Rxe3 f5 34. Rc3 Rd7 35. h3 g6 36. Rc7 Red8 37. Rxd7 Rxd7 38. e6 Rb7 39. d7 Rb1+ 40. Kh2 Kg7 41. d8Q e3 42. Rd7+ Kh6 43. Qh4# 1-0

[Event "Titled Tuesday intern op 4th Febr"]
[Site "Chess.com INT"]
[Date "2020.02.04"]
[Round "2"]
[White "Jenni, Florian"]
[Black "Sapale, Saloni"]
[Result "1-0"]
[WhiteElo "2456"]
[BlackElo "2147"]
[PlyCount "79"]
[EventDate "2020.02.04"]
[EventType "swiss (blitz)"]
[EventRounds "10"]
[EventCountry "USA"]
[SourceTitle "EXT 2021"]
[Source "ChessBase"]
[SourceDate "2020.10.23"]
[SourceVersion "1"]
[SourceVersionDate "2020.10.23"]
[SourceQuality "1"]

1. e4 e6 2. d4 d5 3. Nc3 Bb4 4. e5 c5 5. a3 Bxc3+ 6. bxc3 Ne7 7. h4 Nbc6 8. h5 h6 9. a4 Qa5 10. Bd2 Bd7 11. Nf3 0-0-0 12. Qb1 c4 13. g3 f6 14. Bg2 fxe5 15. Nxe5 Nxe5 16. dxe5 Bc6 17. Rh4 Nf5 18. Rd4 Qc7 19. Bf4 Rdf8 20. Qc1 Nxd4 21. cxd4 Rxf4 22. Qxf4 Qe7 23. c3 Rf8 24. Qg4 Be8 25. a5 Rf5 26. Bxd5 Bxh5 27. Qh3 Kc7 28. Be4 Bg6 29. Bxf5 Bxf5 30. Qh4 Qxh4 31. gxh4 g6 32. Kd2 h5 33. Ke3 b5 34. axb6+ axb6 35. d5 exd5 36. Kd4 Kc6 37. Ra8 b5 38. Rd8 Be4 39. Rd6+ Kc7 40. Kc5 1-0

[Event "Titled Tuesday intern op 7th Januar"]
[Site "Chess.com INT"]
[Date "2020.01.07"]
[Round "3"]
[White "Sapale, Saloni"]
[Black "Vestby Ellingsen, Mads"]
[Result "0-1"]
[WhiteElo "2147"]
[BlackElo "2329"]
[PlyCount "90"]
[EventDate "2020.01.07"]
[EventType "swiss (blitz)"]
[EventRounds "10"]
[EventCountry "USA"]
[SourceTitle "EXT 2021"]
[Source "ChessBase"]
[SourceDate "2020.10.23"]
[SourceVersion "1"]
[SourceVersionDate "2020.10.23"]
[SourceQuality "1"]

1. e4 e5 2. Nf3 d5 3. exd5 e4 4. Ng1 Qxd5 5. Nc3 Qf5 6. Qe2 Nf6 7. d3 Bb4 8. Bd2 Bxc3 9. Bxc3 0-0 10. 0-0-0 exd3 11. Qxd3 Ne4 12. Nh3 Nxc3 13. Qxc3 Nc6 14. Bd3 Qe5 15. Qxe5 Nxe5 16. Nf4 c6 17. Rhe1 Re8 18. Bc4 Bg4 19. Be2 Bf5 20. h3 Rad8 21. Rxd8 Rxd8 22. Rd1 Rxd1+ 23. Bxd1 Kf8 24. Kd2 Ke7 25. Be2 g5 26. Nd3 Ng6 27. Ke3 Kd6 28. c4 Bxd3 29. Bxd3 Nf4 30. Bf1 Ke5 31. g3 Ne6 32. Bd3 f5 33. h4 h6 34. hxg5 hxg5 35. b4 g4 36. a4 b6 37. Bf1 Nd4 38. c5 Nc2+ 39. Kd2 Nxb4 40. cxb6 axb6 41. Kc3 Nd5+ 42. Kc4 Nf6 43. Bg2 Ne4 44. f4+ gxf3 45. Bxf3 Nd2+ 0-1

[Event "Titled Tuesday intern op 7th Januar"]
[Site "Chess.com INT"]
[Date "2020.01.07"]
[Round "6"]
[White "Toczek, Grzegorz"]
[Black "Sapale, Saloni"]
[Result "1-0"]
[WhiteElo "2263"]
[BlackElo "2147"]
[PlyCount "29"]
[EventDate "2020.01.07"]
[EventType "swiss (blitz)"]
[EventRounds "10"]
[EventCountry "USA"]
[SourceTitle "EXT 2021"]
[Source "ChessBase"]
[SourceDate "2020.10.23"]
[SourceVersion "1"]
[SourceVersionDate "2020.10.23"]
[SourceQuality "1"]

1. e4 e6 2. d4 d5 3. Nd2 h6 4. Ngf3 Nf6 5. Bd3 Nfd7 6. 0-0 dxe4 7. Nxe4 Be7 8. c3 c5 9. Re1 cxd4 10. Nxd4 b6 11. Qh5 0-0 12. Bxh6 gxh6 13. Qxh6 Ne5 14. Nf6+ Bxf6 15. Qh7# 1-0